| 000 | 01282nam0a22003011 4500 | ||
|---|---|---|---|
| 001 | rc\3560802 | ||
| 005 | 20260407122930.0 | ||
| 021 |
_aRU _b77-ОКЭ-73/7 |
||
| 021 |
_aRU _bРг7360-77 |
||
| 035 | _a(NLR Aleph) 007685586 | ||
| 090 |
_a6585350 _c6585350 |
||
| 100 | _a20130115d1976 |||y0rusy50 ca | ||
| 101 | 0 | _arus | |
| 102 | _aRU | ||
| 105 | _ay z ||||| | ||
| 200 | 1 |
_aНаучные основы внешней политики КПСС _eМетод. рекомендации _eВ помощь лектору _fОдес. обл. организация о-ва "Знание" |
|
| 210 |
_aОдесса _cБ. и. _d1976 |
||
| 215 |
_a29 с. _d20 |
||
| 300 | _aНа обороте тит. л. сост.: к. ист. н., доц. Муратчаева Е.П. | ||
| 320 | _aБиблиогр.: с. 28-29 | ||
| 532 | 1 | 2 | _aНаучные основы внешней политики Коммунистической Партии Советского Союза |
| 702 | 1 |
_aМуратчева _bЕ.П. _4220 |
|
| 712 | 0 | 2 |
_a"Знание", общество УССР _cКиев _bОдесское областное отделение _3RU\NLR\AUTH\889960568 _9417415 |
| 801 | 0 |
_aRU _bNLR _gpsbo |
|
| 801 | 1 |
_aRU _bELAR _2rusmarc |
|
| 852 |
_aNLR _j77-4/16322 |
||
| 942 | _cBOOK | ||
| 980 | _aNB | ||